000
00185 a2200097 4500
020
_a
047132004957
041
_a
eng
100
_a
Lois Ehlert
245
_a
plantting arainbow
942
_c
K
999
_c
30318
_d
30316